00427nam a2200181Ia 4500003000400000005001700004008004100021020001500062040000700077041000800084082002300092100003000115245003400145250000600179260003000185300001700215365001300232OSt20230329090541.0210423s2009 xx 000 0 und d a8181477219 cAL aeng a363.738 223bBAIR aBAILEY (Ronald A);others. aChemistry of the environment. a2 aUSAbAcademic Pressc2009 axxiv,835bPB b495cINR